Programm 2004/2005 : Katalóg vydavateľstva Bau+Technik

Uložené v:
Podrobná bibliografia
Médium: Súprava Kniha
Jazyk:German
Vydavateľské údaje: Düsseldorf : Verlag Bau+Technik, 2004
Tagy: Pridať tag
Žiadne tagy, Buďte prvý, kto otaguje tento záznam!

MARC

LEADER 00000npm a22000003a 4500
001 stu93030
005 20150408174939.8
008 050301s2004----gw------------------ger-d
040 |a STU  |b slo 
041 0 |a ger 
044 |a gw 
245 |a Programm 2004/2005 :  |b Katalóg vydavateľstva Bau+Technik 
260 |a Düsseldorf :  |b Verlag Bau+Technik,  |c 2004 
996 |b 284V017150  |c V*72/A  |l VVT  |s A  |a 24  |w stu93030_0001